000
00311nam a2200133Ia 4500
008
220216s9999 xx 000 0 und d
100
_a
Joseph T
245
0
_a
Natural rubber sector in India
260
_b
Planters' Chronicle
_c
2010
300
_a
15-22
650
_a
India
650
_a
NR sector
942
_c
BS
999
_c
51597
_d
51597